000 00925cam a2200301Mi 4500
001 95252
005 20230411090053.0
008 031110s2004 it 000 0 ita d
035 _a(OCoLC)ocn248922117
040 _aGyGoGBV
_erakwb
_bger
_cGBVCP
_dCHVBK
020 _a8817128066
020 _a9788817128063
029 1 _aCHVBK
_b103808477
035 _a(OCoLC)248922117
049 _aGRAL
100 1 _aMontanelli, Indro,
_d1909-2001.
245 1 2 _aL'Italia del millennio :
_bsommario di dieci secoli di storia /
_cIndro Montanelli; Mario Cervi.
250 _a4. ed.
260 _aMilano :
_bBUR, Biblioteca Universale Rizzoli,
_c2006.
300 _a501 p.
440 0 _aSaggi
500 _aContains chronology (pp. 461-479), bibliography and name index (pp. 483-501).
651 7 _aItalia
_xstoria
_ysec. 11.-20.
_2sbt
700 1 _aCervi, Mario.
942 _2lcc
_cbk
994 _aC0
_bDRFGD
946 _aJP
999 _c111969
_d111969